01003pam a2200277 a 4500001000700000003000500007005001700012008004100029010001700070020001500087040001800102050002300120082002500143100002900168245006800197246003000265260004900295300002900344650003900373650002600412856010400438906004500542942001200587999001500599952011100614708455SISC20160317093942.0970409s1998 ilua 001 0 eng  a 97018518  a0844259926 aDLCcDLCdDLC00aPE 1408b.M48 199800aHS 808.4 bM545 19971 aMeriwether, Nell.91227810aStrategies for writing successful essays /cNell W. Meriwether.30aWriting successful essays aLincolnwood, Ill. :bNTC Pub. Group,cc1998. a216 p. :bill. ;c24 cm. 0aEnglish languagexRhetoric.915040 0aReport writing.91734423Contributor biographical informationuhttp://www.loc.gov/catdir/enhancements/fy0737/97018518-b.html a7bcbccorignewd1eocipf19gy-gencatlg 2lcccBK c9783d9783 00102lcc40aLUXbLUXcHSd2013-08-29l0oPE 1408 .M48 1998p6543r2017-07-27 00:00:00t1w2013-08-29yBK